Manual de historia política y constitucional argentina (1776-1989) /

Guardado en:
Autor Principal: Romero Carranza, Ambrosio
Otros Autores: Rodríguez Varela, Alberto, Ventura, Eduardo
Formato: Libro
Publicado: Buenos Aires : A-z
Edición:6a. ed.
Materias:
Etiquetas: Agregar Etiqueta
Sin Etiquetas, Sea el primero en etiquetar este registro!
LEADER 01539nam a22002895a 4500
001 CEM.cems005580
005 20080218192147.0
008 130507b######################000#0#####d
003 CEMS
020 |a 9505341636 
082 0 4 |a Z982 
100 1 |a Romero Carranza, Ambrosio 
245 1 0 |a Manual de historia política y constitucional argentina (1776-1989) /  |c Ambrosio Romero Carranza, Alberto Rodríguez Varela, Eduardo Ventura 
250 |a 6a. ed. 
260 |a Buenos Aires :  |b A-z 
300 |a 488 p. 
505 0 |a Doctrinas e influencias que prepararon el proceso emancipador -- Los precursores de la emancipación -- Vísperas de nuestra emancipación -- Emancipación política -- El problema constitucional -- La época de Rosas -- La constitución de 1853 -- Secesión -- Unión nacional -- La liga de gobernadores -- Grandes controversias -- Bajo la ley Sáenz Peña -- Crisis institucional -- El peronismo -- La revolución libertadora -- Dos ciclos políticos -- El ocaso de la "Revolución argentina" -- Subversión y corrupción 
653 |a Historia 
653 |a Historia argentina 
653 |a Historia constitucional argentina 
653 |a Historia política argentina 
653 |a Argentina-proceso de reorganización 
700 1 |a Rodríguez Varela, Alberto 
700 1 |a Ventura, Eduardo 
859 |a CEMS  |b BIB. CEMS - 11 de abril  |h Z982  |i R664-3a6  |p 16646.92  |t Ej.1 
859 |a CEMS  |b BIB. CEMS - 11 de abril  |h Z982  |i R664-3a6  |p 16647.92  |t Ej.2 
859 |a CEMS  |b BIB. CEMS - 11 de abril  |h Z982  |i R664-3a6  |p 16648.92  |t Ej.3